Most Stolen Cars (US) Quiz Stats

 Plays Quiz Retired Jul 7, 2021

Support Sporcle.
Go Orange.
Score 0/10 Timer 04:00
2 Plays Today
Rank Model % Correct
2.Honda Civic
76.5%
3.Toyota Camry
68.7%
1.Honda Accord
66.8%
4.Ford F-150 Pickup
39%
9.Ford Taurus
36.1%
10.Ford Explorer
27.7%
5.Dodge Ram Pickup
18%
7.Jeep Cherokee/Grand Cherokee
16%
6.Dodge Caravan
10.2%
8.Acura Integra
8.5%

From the Vault

Click the Mississippi River States

by PrincessMartell

Geography 60s
This is a great way to visualize how we arrange borders by waterway.
Remove Ads.
Support Sporcle.
Get the best of Sporcle when you Go Orange. This ad-free experience offers more features, more stats, and more fun while also helping to support Sporcle. Thank you for becoming a member.

Show Comments

Extras

Top Quizzes Today


Score Distribution

Your Account Isn't Verified!

In order to create a playlist on Sporcle, you need to verify the email address you used during registration. Go to your Sporcle Settings to finish the process.

Report this User

Report this user for behavior that violates our Community Guidelines.

Details: